|
|
|
|
| LEADER |
01633nam a2200433 4500 |
| 001 |
ocn930286741 |
| 003 |
OCoLC |
| 005 |
20180501122028.0 |
| 006 |
m o d |
| 007 |
cr cnu---unuuu |
| 008 |
151124s2015 xx o 001 0 eng d |
| 040 |
|
|
|a OPELS
|b eng
|e rda
|e pn
|c OPELS
|d N$T
|d YDXCP
|d IDEBK
|d OCLCF
|d CDX
|d OCLCQ
|d D6H
|d OCLCQ
|d DEBBG
|d COO
|d GrThAP
|
| 019 |
|
|
|a 930489874
|
| 020 |
|
|
|a 9780128024294
|q (electronic bk.)
|
| 020 |
|
|
|a 0128024291
|q (electronic bk.)
|
| 020 |
|
|
|a 9780128022283
|
| 020 |
|
|
|a 0128022280
|
| 035 |
|
|
|a (OCoLC)930286741
|z (OCoLC)930489874
|
| 050 |
|
4 |
|a QD476
|
| 072 |
|
7 |
|a SCI
|x 013040
|2 bisacsh
|
| 082 |
0 |
4 |
|a 547/.13
|2 23
|
| 049 |
|
|
|a TEFA
|
| 245 |
0 |
0 |
|a Advances in physical organic chemistry.
|n Volume 49 /
|c edited by Ian H. Williams and Nicholas H. Williams.
|
| 264 |
|
1 |
|a [Place of publication not identified] :
|b Academic Press,
|c [2015]
|
| 300 |
|
|
|a 1 online resource.
|
| 336 |
|
|
|a text
|b txt
|2 rdacontent
|
| 337 |
|
|
|a computer
|b c
|2 rdamedia
|
| 338 |
|
|
|a online resource
|b cr
|2 rdacarrier
|
| 500 |
|
|
|a Includes index.
|
| 588 |
0 |
|
|a Online resource; title from title details screen (ScienceDirect, viewed November 24, 2015).
|
| 588 |
0 |
|
|a Print version record.
|
| 650 |
|
0 |
|a Physical organic chemistry.
|
| 650 |
|
7 |
|a SCIENCE
|x Chemistry
|x Organic.
|2 bisacsh
|
| 650 |
|
7 |
|a Physical organic chemistry.
|2 fast
|0 (OCoLC)fst01715687
|
| 655 |
|
4 |
|a Electronic books.
|
| 655 |
|
7 |
|a Electronic books.
|2 local
|
| 700 |
1 |
|
|a Williams, Ian H.,
|e editor.
|
| 700 |
1 |
|
|a Williams, Nicholas H.,
|e editor.
|
| 856 |
4 |
0 |
|u https://www.sciencedirect.com/science/bookseries/00653160/49
|z Full Text via HEAL-Link
|